Nová politika EU urychlí budování infrastruktury

Európska komisia predstavila koncom minulého roka deväť hlavných infraštruktúrnych koridorov, ktoré budú fungovať ako dopravná tepna jednotného trhu EÚ a zmenia spojenie medzi východnou a západnou časťou Európy. Nové koridory zahrňujú najmenej tri druhy dopravy, tri členské štáty a dva cezhraničné ú...

Descrizione completa

Salvato in:
Dettagli Bibliografici
Autore principale: Knížek, Martin
Natura: Capitolo di libro
Lingua:ceco
Soggetti:
Tags: Aggiungi Tag
Nessun Tag, puoi essere il primo ad aggiungerne!!

MARC

LEADER 00000naa a2200000 4500
001 0184180
005 20231211080345.9
041 0 |a cze 
044 |a CZ 
245 1 0 |a Nová politika EU urychlí budování infrastruktury  |c Martin Knížek 
520 |a Európska komisia predstavila koncom minulého roka deväť hlavných infraštruktúrnych koridorov, ktoré budú fungovať ako dopravná tepna jednotného trhu EÚ a zmenia spojenie medzi východnou a západnou časťou Európy. Nové koridory zahrňujú najmenej tri druhy dopravy, tri členské štáty a dva cezhraničné úseky. Transeurópska dopravná sieť. Koridory hlavnej siete. Financovanie zo zdrojov EÚ. 
610 2 0 |a doprava cestná 
610 2 0 |a doprava železničná 
610 2 0 |a doprava vodná 
610 2 0 |a infraštruktúra dopravná 
610 2 0 |a financie 
610 2 0 |a financovanie 
610 2 0 |a spolupráca medzinárodná 
610 2 0 |a Európska únia 
100 1 |a Knížek, Martin